000 00641nam a2200217 a 4500
999 _c2328
_d2328
001 2328
003 BD-JhCC
005 20171101110046.0
008 171101s1984 bg |||| ||a| 000 0 ben d
035 _a(BD-JhCC)2328
040 _aBD-JhCC
_dBD-JhCC
041 _aben
082 _a891.4409
_bSHA 1984
100 _aসাহা, মহাদেব
245 _aআনন্দের মৃত্যু নেই /
_cমহাদেব সাহা
260 _aঢাকা :
_bবাংলা একাডেমী,
_c১৯৮৪.
300 _a156 p. :
_c21 cm.
650 _aBengali Literature
942 _2ddc
_cBK